| 000 | 00561nam a2200217 a 4500 | ||
|---|---|---|---|
| 001 | 0001-2104 | ||
| 003 | ELIB.Books | ||
| 008 | 190723 2010 eng | ||
| 020 | _a13: 9781610977432 | ||
| 092 |
_a253 _bBie |
||
| 100 | _aBier, Miriam J. | ||
| 245 | _aSpiritual Complant | ||
| 260 |
_aEugene, Oregon _bPickwick Publications _c2013 |
||
| 300 |
_a300 _c23cm |
||
| 650 | _aPastoral Theology | ||
| 856 |
_nKBTS Library _uKBTS Elib |
||
| 942 |
_2ddc _cBK |
||
| 990 | _a1 | ||
| 998 |
_aEnglishbooks.elf _ccat _e2019-07-23 |
||
| 999 |
_c12104 _d12104 |
||